Fr. Conceicao Rodrigues College of Engineering

Principles of Metal Cutting (Record no. 21120)

MARC details
000 -LEADER
fixed length control field 00213nam a2200097Ia 4500
100 ## - MAIN ENTRY--PERSONAL NAME
Personal name Sen/ Bhattacharya
245 ## - TITLE STATEMENT
Title Principles of Metal Cutting
260 ## - PUBLICATION, DISTRIBUTION, ETC.
Name of publisher, distributor, etc. New central book agency
300 ## - PHYSICAL DESCRIPTION
Extent 641
942 ## - ADDED ENTRY ELEMENTS (KOHA)
Koha item type BOOK
Holdings
Withdrawn status Lost status Damaged status Not for loan Collection Home library Current library Date acquired Cost, normal purchase price Inventory number Total Checkouts Full call number Barcode Date last seen Cost, replacement price Price effective from Koha item type
        AFT Fr. Agnel's C.Rodrigues College of Engineering Fr. Agnel's C.Rodrigues College of Engineering 17/03/2023 25.00 T-469   AFT1415 17/03/2023 25.00 17/03/2023 BOOK